|
|
|
|
| LEADER |
00000nab a2200000 a 4500 |
| 001 |
vtls000235258 |
| 003 |
SK-MaSNL |
| 005 |
20260302212836.0 |
| 008 |
140423c1985 xo 0 slo |
| 015 |
|
|
|a SNBRB19rr/mm-uuuuu
|
| 035 |
|
|
|a CL0245372
|
| 040 |
|
|
|a SNKBUCL
|b slo
|c SNKBUCL
|e AACR2
|
| 041 |
0 |
|
|a slo
|
| 044 |
|
|
|a xo
|c SK
|
| 080 |
|
|
|a 820 (71)-1
|2 1981
|
| 080 |
|
|
|a 784.66
|2 1981
|
| 100 |
1 |
|
|a Mitchellová, Joni
|4 aut
|9 938038
|
| 245 |
1 |
0 |
|a Zbohom, Pork Pie Hat
|c Joni Mitchellová ; Joni Mitchell, Dušan Valúch
|
| 650 |
0 |
7 |
|a piesne lyrické
|2 snkbucl
|9 919720
|
| 655 |
|
7 |
|a články z novín a časopisov
|2 snkbucl
|9 267496
|
| 655 |
|
7 |
|a články z odboru literárna veda a krásna literatúra
|2 snkbucl
|9 770045
|
| 700 |
1 |
|
|a Valúch, Dušan,
|d 1952-
|4 trl
|9 122791
|
| 700 |
1 |
|
|a Mitchell, Joni
|4 aut
|9 938039
|
| 773 |
0 |
|
|t Revue svetovej literatúry
|g Roč. 21, č. 7 (1985), s. 169
|
| 850 |
|
|
|a Slovenská národná knižnica v Martine
|a MTA001
|
| 852 |
|
|
|a SNK
|b KIS3GCP
|
| 958 |
|
|
|a RK
|
| 958 |
|
|
|a LX
|
| 999 |
|
|
|c 1490959
|d 1492889
|